Phương pháp luận nghiên cứu khoa học
Nội dung giới thiệu các khái niệm về khoa học và nghiên cứu khoa học, chọn đề tài để chuẩn bị nghiên cứu và các phương pháp chọn mẫu, thăm dò xã hội, quan sát, thí nghiệm, trắc nghiệm...
Enregistré dans:
| Auteur principal: | |
|---|---|
| Format: | Livre |
| Langue: | Undetermined |
| Publié: |
Thành phố Hồ Chí Minh
Trẻ
1997
|
| Sujets: | |
| Tags: |
Ajouter un tag
Pas de tags, Soyez le premier à ajouter un tag!
|
| Thư viện lưu trữ: | Trung tâm Học liệu Trường Đại học Cần Thơ |
|---|
| LEADER | 01229nam a2200241Ia 4500 | ||
|---|---|---|---|
| 001 | CTU_28578 | ||
| 008 | 210402s9999 xx 000 0 und d | ||
| 020 | |b 20.000đ | ||
| 082 | |a 001.42 | ||
| 082 | |b L250 | ||
| 100 | |a Nguyễn, Văn Lê | ||
| 245 | 0 | |a Phương pháp luận nghiên cứu khoa học | |
| 245 | 0 | |c Nguyễn Văn Lê | |
| 260 | |a Thành phố Hồ Chí Minh | ||
| 260 | |b Trẻ | ||
| 260 | |c 1997 | ||
| 520 | |a Nội dung giới thiệu các khái niệm về khoa học và nghiên cứu khoa học, chọn đề tài để chuẩn bị nghiên cứu và các phương pháp chọn mẫu, thăm dò xã hội, quan sát, thí nghiệm, trắc nghiệm... | ||
| 526 | |a Phần mềm toán học,Rèn nghề - QLĐĐ,Phương pháp luận nghiên cứu toán học,Phương pháp luận nghiên cứu Toán học,Điện động lực học lượng tử,Phương pháp luận nghiên cứu Vật lý | ||
| 526 | |b TNT601,NN502,TNT620,TNT620,TNL601,TNL611 | ||
| 650 | |a Science | ||
| 650 | |x Research | ||
| 904 | |i Minh, QHieu | ||
| 980 | |a Trung tâm Học liệu Trường Đại học Cần Thơ | ||